000 00494cam a2200181ua 4500
001 3029
008 110922n ii |||gr||||Z||||||asm
040 _cMAIN
082 _a920
100 1 _aGoswami, Jatindranath,
_eAuthor.
245 1 1 _aSahityarathi Lakshminath Bezbaroa
_cby Jatindranath Goswami
250 _a1st.
260 _aGuahati:
_bAssam sahitya sabha,968.
300 _a286p:
_c23cm.
653 _aBiography
653 _aBiography of Sahityarathi Lakshminath Bezbaroa
942 _cBK
999 _c2877
_d2877